000 00250nam a22001097a 4500
003 OSt
008 210121b ||||| |||| 00| 0 eng d
082 _a624.18341
_bDES/TE
100 _aDeshpande, R S
245 _aText book of RCC design
942 _cBK
999 _c16774
_d16774